| 000 | 00866nam a22002297a 4500 | ||
|---|---|---|---|
| 005 | 20250903163222.0 | ||
| 010 | _aB-763064-079 ENG-146721 BACEN25 | ||
| 020 |
_a9789395401296 _c1475.00 |
||
| 035 | _aB-763064-079 | ||
| 035 | _aEN-130253 | ||
| 037 | _bRajat Publications | ||
| 037 |
_bDBAD _aDPL |
||
| 082 | _a021.5 | ||
| 100 |
_aGhai, Pratap _984679 |
||
| 245 |
_aElectronic Media and Library Information Technology/ _cBy Pratap Ghai |
||
| 250 | _a1 | ||
| 260 |
_aNew Delhi _bRajat Publications _c2024 |
||
| 270 |
_a4740/23, Ansari Road, Daryagan _bNew Delhi _e110002 |
||
| 300 |
_a260p. _c24cm(Hb) |
||
| 942 |
_2ddc _cEN _mGHA _h021.5 |
||
| 999 |
_c209273 _d209273 |
||